[Event "34th Leon Blitz Open 2021"]
[Site "chess.com INT"]
[Date "2021.07.07"]
[Round "4"]
[White "Chen, Justin"]
[Black "Baches Garcia, Guillermo"]
[Result "1-0"]
[WhiteTitle "FM"]
[BlackTitle "IM"]
[WhiteElo "2247"]
[BlackElo "2329"]
[WhiteFideId "2098199"]
[BlackFideId "2209764"]
[EventDate "2021.07.07"]

1. d4 Nf6 2. c4 e6 3. Nf3 d5 4. Nc3 Be7 5. Bf4 O-O 6. e3 Nbd7 7. a3 c5 8. cxd5
Nxd5 9. Nxd5 exd5 10. dxc5 Nxc5 11. Be5 Bf6 12. Bxf6 Qxf6 13. Qd4 Qd6 14. Rd1
Be6 15. Be2 Rac8 16. O-O Rfd8 17. Qh4 h6 18. Nd4 Bd7 19. Bf3 Re8 20. Qg3 Qxg3
21. hxg3 Ba4 22. Rd2 Ne4 23. Bxe4 dxe4 24. b3 Bd7 25. Rfd1 Re7 26. Kf1 g6 27.
Ke1 f5 28. Rc2 Rxc2 29. Nxc2 Be6 30. Nd4 Kf7 31. Rc1 Rd7 32. Kd2 Ke7 33. Rc3 Bf7
34. Kc2 Kf6 35. Rc8 g5 36. Rh8 h5 37. Rc8 f4 38. Rc5 Bd5 39. b4 f3 40. gxf3 exf3
41. Kd3 h4 42. gxh4 gxh4 43. e4 h3 44. exd5 h2 45. Rc1 Rxd5 46. Ke4 Rh5 47. Rh1
Rh4+ 48. Ke3 1-0

[Event "34th Leon Blitz Open 2021"]
[Site "chess.com INT"]
[Date "2021.07.07"]
[Round "4"]
[White "Ibarra Jerez, Jose Carlos"]
[Black "Larino Nieto, David"]
[Result "1-0"]
[WhiteTitle "GM"]
[BlackTitle "GM"]
[WhiteElo "2558"]
[BlackElo "2455"]
[WhiteFideId "2226332"]
[BlackFideId "2256444"]
[EventDate "2021.07.07"]

1. e4 c6 2. Nf3 g6 3. d4 d5 4. e5 Bg7 5. h3 Nh6 6. Bd3 f6 7. exf6 exf6 8. O-O
O-O 9. c4 Na6 10. Nc3 Nc7 11. Re1 Nf5 12. Qb3 dxc4 13. Bxc4+ Kh8 14. Bf4 b5 15.
Bf1 a5 16. a3 g5 17. Bh2 h5 18. d5 Nxd5 19. Rad1 a4 20. Qc2 g4 21. hxg4 hxg4 22.
Nxd5 cxd5 23. Bxb5 g3 24. Bxg3 Nxg3 25. fxg3 Qb6+ 26. Nd4 Bg4 27. Be2 f5 28. Qd2
Rae8 29. Kh2 Bh6 30. Qc3 Re3 31. Rd3 Rxd3 32. Qxd3 Re8 33. Nxf5 Be3 34. Bxg4 d4
35. Nxe3 Qh6+ 36. Bh3 dxe3 37. Qd4+ Kg8 38. Qg4+ Kh8 39. Qf4 Qb6 40. Re2 Kg7 41.
Qg5+ Kh8 42. Qh5+ Kg7 43. Qxe8 Qh6 44. Qe7+ Kh8 45. Qxe3 Qf6 46. Qe5 1-0

[Event "34th Leon Blitz Open 2021"]
[Site "chess.com INT"]
[Date "2021.07.07"]
[Round "4"]
[White "Arpita, Mukherjee"]
[Black "Vallejo Diaz, Javier"]
[Result "1-0"]
[WhiteTitle "WIM"]
[BlackTitle "FM"]
[WhiteElo "2206"]
[BlackElo "2365"]
[WhiteFideId "5056403"]
[BlackFideId "2256398"]
[EventDate "2021.07.07"]

1. e4 d5 2. exd5 Qxd5 3. Nc3 Qa5 4. d4 c6 5. Nf3 Nf6 6. Bd2 Bg4 7. Bc4 e6 8. h3
Bxf3 9. Qxf3 Qb6 10. O-O-O Nbd7 11. Bg5 Be7 12. Rhe1 O-O 13. g4 Rfe8 14. Bb3 a5
15. a4 Qa6 16. Bxf6 Bxf6 17. Ne4 b5 18. g5 Be7 19. Rg1 bxa4 20. Bxa4 Qc4 21. Bb3
Qb4 22. Nf6+ Nxf6 23. gxf6 Bf8 24. Rxg7+ Bxg7 25. Rg1 Kh8 26. fxg7+ Kg8 27. Ba2
Qxd4 28. c3 Qa4 29. Bb1 Qh4 30. Be4 a4 31. Bxc6 a3 32. Bxa8 a2 33. Kd2 Qa4 34.
Ra1 Rxa8 35. b3 Rd8+ 36. Kc2 Qd7 37. Qe3 Ra8 38. Kb2 Kxg7 39. Qd4+ Qxd4 40. cxd4
Kf6 41. Rxa2 Rd8 42. Kc3 Kf5 43. b4 Rc8+ 44. Kd3 Kf4 45. Rb2 Rc7 46. b5 Kf3 47.
b6 Rb7 48. Kc4 h5 49. Kc5 h4 50. Kc6 Rb8 51. Kc7 Rf8 52. b7 Kg2 53. Ra2 Rb8 54.
Kxb8 1-0

[Event "34th Leon Blitz Open 2021"]
[Site "chess.com INT"]
[Date "2021.07.07"]
[Round "4"]
[White "Dushyant, Sharma"]
[Black "Guevara Sanchez, Erick Marvin"]
[Result "1-0"]
[WhiteTitle "FM"]
[BlackTitle "FM"]
[WhiteElo "2270"]
[BlackElo "2173"]
[WhiteFideId "25065130"]
[BlackFideId "6700136"]
[EventDate "2021.07.07"]

1. e4 c5 2. Nf3 Nc6 3. d4 cxd4 4. Nxd4 e5 5. Nxc6 bxc6 6. Nc3 Bb4 7. Bd3 Nf6 8.
Kf1 O-O 9. Bg5 h6 10. h4 Bxc3 11. bxc3 d5 12. Qe2 a5 13. Kg1 hxg5 14. hxg5 Ng4
15. exd5 g6 16. dxc6 Qxg5 17. Qf3 Kg7 18. Re1 Be6 19. Qg3 Qd2 20. f3 Ne3 21.
Qxe5+ f6 22. Qxe3 Qxe3+ 23. Rxe3 Bd5 24. c7 Rf7 25. c4 Bc6 26. f4 Rxc7 27. Rg3
Be8 28. Bxg6 Bxg6 29. f5 Kf7 30. Rxg6 Ke7 31. Rh7+ Kd6 32. Rxf6+ Ke5 33. Rxc7
Kxf6 34. Rc5 Rd8 35. Rxa5 Rd1+ 36. Kh2 Rd2 37. Kh3 Rxc2 38. g4 Rxc4 39. Ra6+ Kg5
40. Rg6+ Kf4 41. Rb6 Rc3+ 42. Kh4 Rc2 43. Rb4+ Ke5 44. Kg5 Rxa2 45. Rb1 Rg2 46.
Re1+ Kd6 47. f6 Kd7 48. Kf5 Rf2+ 49. Kg6 Rf4 50. g5 Rf2 51. Kg7 Kc7 52. g6 Rg2
53. f7 Kb7 54. f8=Q 1-0

[Event "34th Leon Blitz Open 2021"]
[Site "chess.com INT"]
[Date "2021.07.07"]
[Round "4"]
[White "Dhulipalla, Bala Chandra Prasad"]
[Black "Girya, Olga"]
[Result "1-0"]
[WhiteTitle "IM"]
[BlackTitle "WGM"]
[WhiteElo "2425"]
[BlackElo "2448"]
[WhiteFideId "25005812"]
[BlackFideId "4195752"]
[EventDate "2021.07.07"]

1. d4 d5 2. Bf4 c5 3. e3 cxd4 4. exd4 Nc6 5. c3 Bf5 6. Nf3 f6 7. Bd3 Qd7 8. Bg3
g5 9. h4 g4 10. Nh2 h5 11. Bxf5 Qxf5 12. O-O Nh6 13. Na3 Qd7 14. Nb5 Rc8 15. c4
a6 16. Nc3 Nf5 17. Nxd5 Ncxd4 18. Nb6 Qe6 19. Nxc8 Ne2+ 20. Kh1 Nfxg3+ 21. fxg3
Nxg3+ 22. Kg1 Bh6 23. Rf2 Be3 24. Qe1 Bxf2+ 25. Qxf2 Ne2+ 26. Kf1 g3 27. Qxe2
gxh2 28. Qxe6 h1=Q+ 29. Kf2 Qxh4+ 30. Ke2 Qg4+ 31. Qxg4 hxg4 32. Nb6 Kf7 33. Nd5
e6 34. Nf4 f5 35. Rd1 Rc8 36. b3 b5 37. cxb5 axb5 38. Rd7+ Kf6 39. Ke3 e5 40.
Rd6+ Kg5 41. Nd3 Rc2 42. Nxe5 Rxg2 43. Rg6+ Kh5 44. Rg8 Rxa2 45. Ng6 Rb2 46. Kf4
Rxb3 47. Ne5 g3 48. Rh8# 1-0

[Event "34th Leon Blitz Open 2021"]
[Site "chess.com INT"]
[Date "2021.07.07"]
[Round "4"]
[White "Onischuk, Vladimir"]
[Black "Svane, Rasmus"]
[Result "0-1"]
[WhiteTitle "GM"]
[BlackTitle "GM"]
[WhiteElo "2622"]
[BlackElo "2615"]
[WhiteFideId "14114038"]
[BlackFideId "4657101"]
[EventDate "2021.07.07"]

1. Nf3 d5 2. g3 e6 3. Bg2 Nf6 4. O-O Be7 5. d3 O-O 6. Nbd2 Nc6 7. e4 dxe4 8.
dxe4 e5 9. c3 a5 10. Qc2 Bc5 11. Nc4 Qe7 12. Ne3 Rd8 13. Re1 h6 14. h3 Be6 15.
Nh4 Rd7 16. Nhf5 Qf8 17. Ng4 Nxg4 18. hxg4 Rad8 19. Bf1 Ne7 20. a3 Bb6 21. b4
Nc8 22. Rb1 axb4 23. axb4 Kh7 24. Be2 f6 25. Kg2 Bf7 26. Rh1 Nd6 27. Nxh6 gxh6
28. Bxh6 Qxh6 29. c4 Bg6 30. Bf3 Bd4 31. Qd2 Qxh1+ 32. Rxh1+ Kg8 33. Qh6 Kf7 34.
g5 Rg8 35. gxf6 Nxe4 36. Bh5 Nxf6 37. Bxg6+ Rxg6 38. Qd2 e4 39. Qf4 Ke6 40. Rh6
Be5 41. Qh4 Rxh6 42. Qxh6 Rd3 43. Qg6 Rd2 44. g4 e3 45. Qf5+ Kd6 46. c5+ Kd5 47.
Qf3+ Ne4 48. Qxe3 Rxf2+ 49. Kh1 Rh2+ 50. Kg1 Bd4 0-1

[Event "34th Leon Blitz Open 2021"]
[Site "chess.com INT"]
[Date "2021.07.07"]
[Round "4"]
[White "Sarana, Alexey"]
[Black "Guseinov, Gadir"]
[Result "1-0"]
[WhiteTitle "GM"]
[BlackTitle "GM"]
[WhiteElo "2640"]
[BlackElo "2665"]
[WhiteFideId "24133795"]
[BlackFideId "13401378"]
[EventDate "2021.07.07"]

1. e4 c5 2. c3 d5 3. exd5 Qxd5 4. d4 g6 5. Be3 cxd4 6. Nf3 Bg7 7. Bxd4 Nf6 8.
Nbd2 Nc6 9. Bc4 Qh5 10. Bxf6 Bxf6 11. Ne4 O-O 12. Qd5 Qxd5 13. Bxd5 Kg7 14. Nxf6
Kxf6 15. O-O-O Bg4 16. Rhe1 Bxf3 17. Bxf3 Rfd8 18. b4 Rac8 19. Bxc6 Rxd1+ 20.
Rxd1 Rxc6 21. Kc2 Rc7 22. a4 e5 23. Rd8 Ke6 24. a5 a6 25. g4 f5 26. f3 Kf6 27.
h4 e4 28. fxe4 fxg4 29. Rd5 h6 30. Rd6+ Ke5 31. Rxg6 h5 32. Kd3 Kf4 33. Rg5 g3
34. e5 Rd7+ 35. Ke2 Rc7 36. Rxh5 Rxc3 37. Rg5 Rc2+ 38. Kd3 Rh2 39. e6 Rxh4 40.
e7 Rh8 41. Rg7 Re8 42. Kd4 g2 43. Rxg2 Rxe7 44. Rf2+ Kg4 45. Rf6 Kg5 46. Rf8 Kg6
47. Kd5 Rc7 48. Rf4 Kg5 49. Rc4 Re7 50. Kd6 Rf7 51. Rc7 Rf6+ 52. Kc5 Rf5+ 53.
Kc4 b5+ 54. axb6 Kf4 55. Ra7 1-0

[Event "34th Leon Blitz Open 2021"]
[Site "chess.com INT"]
[Date "2021.07.07"]
[Round "4"]
[White "Gabrielian, Artur"]
[Black "Bluebaum, Matthias"]
[Result "0-1"]
[WhiteTitle "GM"]
[BlackTitle "GM"]
[WhiteElo "2460"]
[BlackElo "2669"]
[WhiteFideId "4131002"]
[BlackFideId "24651516"]
[EventDate "2021.07.07"]

1. e4 c6 2. d4 d5 3. e5 c5 4. Nf3 cxd4 5. Qxd4 Nc6 6. Qf4 e6 7. Bd3 Nb4 8. O-O
Nxd3 9. cxd3 Ne7 10. Nc3 Ng6 11. Qg3 Be7 12. Bg5 Nxe5 13. Bxe7 Nxf3+ 14. Qxf3
Qxe7 15. Rfe1 d4 16. Nd5 Qd8 17. Rac1 O-O 18. Nf4 Rb8 19. Qg3 Qd6 20. b4 Bd7 21.
Rc5 f6 22. Rec1 Rbc8 23. h4 b6 24. R5c4 Rxc4 25. Rxc4 Rc8 26. Rxc8+ Bxc8 27. h5
Bd7 28. a3 Kf7 29. Qh4 e5 30. Ne2 h6 31. Ng3 Qc7 32. Qe4 Qc6 33. Qg6+ Kg8 34.
Nf5 Qc1+ 35. Kh2 Qf4+ 36. Ng3 Qg4 37. Qxg4 Bxg4 38. f3 Bd7 39. Ne2 Bb5 40. Nc1
Kf7 41. g4 g6 42. hxg6+ Kxg6 43. Kg3 f5 44. f4 Kf6 45. gxf5 Kxf5 46. fxe5 Kxe5
47. Kg4 Be8 48. Ne2 Bg6 49. Nf4 Bf5+ 50. Kf3 Bd7 51. Kg3 Bb5 52. Kf3 Kf5 53. Kg3
h5 54. Nxh5 Bxd3 55. Nf4 Ke4 56. Ne6 Bc4 57. Nf4 d3 58. Nh3 Ke3 59. Nf2 d2 60.
Nd1+ Ke2 61. Nb2 d1=Q 62. Nxd1 Kxd1 63. Kf4 Kc2 64. Ke5 Kb3 65. Kd6 Kxa3 0-1

[Event "34th Leon Blitz Open 2021"]
[Site "chess.com INT"]
[Date "2021.07.07"]
[Round "4"]
[White "Saravana, Krishnan P."]
[Black "Yen, William"]
[Result "0-1"]
[WhiteTitle "IM"]
[WhiteElo "2312"]
[BlackElo "2056"]
[WhiteFideId "5018382"]
[BlackFideId "30932025"]
[EventDate "2021.07.07"]

1. e4 e6 2. d4 d5 3. Bd3 dxe4 4. Bxe4 Nf6 5. Bf3 c5 6. Ne2 Nbd7 7. Nbc3 Be7 8.
O-O O-O 9. Bg5 cxd4 10. Nxd4 Ne5 11. Be2 Qb6 12. Nb3 Rd8 13. Qc1 Bd7 14. Be3 Qc7
15. h3 Bc6 16. f4 Ng6 17. Qe1 Bb4 18. a3 Bxc3 19. Qxc3 Nd5 20. Qd2 Ndxf4 21.
Bxf4 Rxd2 22. Bxc7 Rxe2 23. Rf2 Rxf2 24. Kxf2 Rc8 25. Bg3 Bd5 26. Nd4 e5 27. c4
Rxc4 28. Ne2 Rc2 29. Rd1 Ne7 30. Bxe5 f6 31. Bc3 Bc4 32. Bd2 Nf5 33. Nc3 Rxb2
34. g4 Nd4 35. Ke3 Nc6 36. Be1 Rb3 37. a4 a6 38. Rd7 Ne5 39. Rc7 Be6 40. Bg3
Nc4+ 41. Kd4 Nb2 42. Bd6 h5 43. gxh5 Kh7 44. Bf8 Kh6 45. Rxg7 Kxh5 46. Ne4 Rd3+
47. Kc5 Nxa4+ 48. Kb4 Rd4+ 49. Ka5 Rxe4 50. h4 Bc8 51. Bb4 Nb2 52. Bd2 b6+ 53.
Kxb6 Nc4+ 54. Ka7 Nxd2 55. Rh7+ Kg4 56. Rc7 Bf5 57. h5 Kg5 58. h6 Rh4 59. h7
Rxh7 60. Kb8 Rxc7 61. Ka8 a5 62. Kb8 a4 63. Kxc7 a3 64. Kd6 a2 65. Ke7 a1=Q 66.
Kf8 Qa7 67. Kg8 Bb1 68. Kf8 f5 0-1

[Event "34th Leon Blitz Open 2021"]
[Site "chess.com INT"]
[Date "2021.07.07"]
[Round "4"]
[White "Drygalov, Sergey"]
[Black "Vitenberg, Noam Aviv"]
[Result "0-1"]
[WhiteTitle "IM"]
[BlackTitle "FM"]
[WhiteElo "2490"]
[BlackElo "2315"]
[WhiteFideId "24171743"]
[BlackFideId "1532138"]
[EventDate "2021.07.07"]

1. d4 d5 2. c4 e6 3. Nf3 Nf6 4. Nc3 Bb4 5. Qa4+ Nc6 6. e3 O-O 7. Qc2 a6 8. Bd2
Re8 9. Be2 h6 10. a3 Bd6 11. h3 dxc4 12. Bxc4 e5 13. d5 Ne7 14. e4 Ng6 15. b4
Bd7 16. O-O Rc8 17. Qb3 Nh5 18. b5 axb5 19. Nxb5 Ngf4 20. Kh2 Qf6 21. Rg1 Bc5
22. Be3 Bd6 23. Bf1 Nxh3 24. gxh3 Qxf3 25. Nxd6 cxd6 26. Qxb7 Re7 27. Bg2 Qf6
28. Rac1 Rce8 29. Rc7 Bc8 30. Qc6 Rxc7 31. Qxc7 Nf4 32. Bf1 Qh4 33. Rg3 Nh5 34.
Rf3 f5 35. exf5 e4 36. f6 Nxf6 37. Rg3 Nh5 38. Qxd6 Nxg3 39. Qxg3 Qxg3+ 40. Kxg3
Bb7 41. d6 Rd8 42. Bc5 Kf7 43. Kf4 Kf6 44. Bc4 g5+ 45. Ke3 Ke5 46. a4 Rc8 47.
Bd4+ Kxd6 48. Be2 Ra8 49. Bg7 h5 50. Bh6 Rxa4 51. Bxg5 Ra3+ 52. Kf4 Rxh3 53. Bf6
Ke6 54. Bd4 Ra3 55. Be3 Ra5 0-1

[Event "34th Leon Blitz Open 2021"]
[Site "chess.com INT"]
[Date "2021.07.07"]
[Round "4"]
[White "Maltsevskaya, Aleksandra"]
[Black "Sjugirov, Sanan"]
[Result "1-0"]
[WhiteTitle "WGM"]
[BlackTitle "GM"]
[WhiteElo "2382"]
[BlackElo "2661"]
[WhiteFideId "24174041"]
[BlackFideId "4189302"]
[EventDate "2021.07.07"]

1. e4 c5 2. Nf3 d6 3. d4 cxd4 4. Nxd4 Nf6 5. f3 e5 6. Nb3 Be7 7. c4 a5 8. Be3
O-O 9. Nc3 a4 10. Nc1 Qa5 11. a3 Be6 12. Qd2 Bd8 13. Qxd6 Nc6 14. Qd2 Bb6 15.
Nd5 Bxd5 16. Bxb6 Qxb6 17. exd5 Nd4 18. Bd3 e4 19. fxe4 Rfe8 20. Qb4 Qa7 21. c5
Nxe4 22. Qxd4 Nxc5+ 23. Kd1 Rad8 24. Bc4 Re4 25. Qc3 Rc8 26. Qh3 Qb8 27. Bd3
Nxd3 28. Nxd3 Rd4 29. Rc1 Rd8 30. Rc3 R4xd5 31. Re1 g6 32. Re3 Qd6 33. Kc2 b5
34. Rc8 Kg7 35. Rxd8 Qxd8 36. Kb1 Qc7 37. Qg3 Qc4 38. Qf3 b4 39. Nxb4 Rf5 40.
Rc3 Qe6 41. Qd1 Qf6 42. Rc1 Rf2 43. Nd3 Rxg2 44. Qxa4 Qf5 45. Qb3 Rxh2 46. Qc3+
Kh6 47. Ka1 Rh3 48. Rd1 g5 49. Qd2 f6 50. Nf2 Rf3 51. Rh1+ Kg6 52. Nd1 h5 53.
Ne3 Qe4 54. Ng2 Rg3 55. Rg1 h4 56. Qf2 Qg4 57. Qc2+ Kh6 58. Qd2 h3 59. Qd8 Rxg2
60. Qh8+ Kg6 61. Qg8+ Kh6 62. Qh8+ Kg6 63. Qg8+ Kf5 64. Qd5+ Kf4 65. Qd6+ Ke3
66. Re1+ Kf2 67. Qd2+ Kg3 68. Qc3+ Kh4 69. Qxf6 Qf4 70. Qh6+ Kg4 71. Qe6+ Qf5
72. Re4+ Kh5 73. Qxf5 Rg1+ 74. Ka2 h2 75. Qh7# 1-0

[Event "34th Leon Blitz Open 2021"]
[Site "chess.com INT"]
[Date "2021.07.07"]
[Round "4"]
[White "Tejedor Fuente, Enrique"]
[Black "Lysyj, Igor"]
[Result "1/2-1/2"]
[WhiteTitle "IM"]
[BlackTitle "GM"]
[WhiteElo "2434"]
[BlackElo "2605"]
[WhiteFideId "2299100"]
[BlackFideId "4150120"]
[EventDate "2021.07.07"]

1. e4 e5 2. Nf3 Nc6 3. Bb5 a6 4. Ba4 Nf6 5. O-O Bc5 6. d3 d6 7. Be3 Bxe3 8. fxe3
O-O 9. Bxc6 bxc6 10. Nc3 Qe7 11. Qe1 h6 12. Nh4 g6 13. h3 Kg7 14. Rf2 Nh7 15.
Ne2 Bd7 16. Kh2 c5 17. Nf3 Ng5 18. Nxg5 hxg5 19. g4 Rh8 20. Kg2 Rh4 21. Ng1 Rah8
22. Qa5 Bc8 23. Raf1 Rf8 24. Nf3 Rh7 25. Ng1 Bb7 26. c4 Qd7 27. Kg3 Bc8 28. Rf3
Rh4 29. b3 Qc6 30. Rf6 Rh7 31. R6f3 Be6 32. Qe1 Qd7 33. Kf2 f5 34. exf5 gxf5 35.
gxf5 Rxf5 36. Ke2 Kh8 37. Qg3 Rg7 38. h4 gxh4 39. Qxh4+ Rh7 40. Qg3 Rxf3 41.
Nxf3 Rh3 42. Qg5 Bg4 43. Qf6+ Kh7 44. Kd2 Rxf3 45. Rxf3 Bxf3 46. Qxf3 Qc8 47.
Qf7+ Kh6 48. Qf6+ Kh7 49. Kc3 Qb7 50. Qf7+ Kh6 51. a3 a5 52. Qf6+ Kh7 53. Qf5+
Kh6 54. Qh3+ Kg7 55. Qg3+ Kf7 56. Qf2+ Ke7 57. Qf1 Qb6 58. Qh1 Kd7 59. Qh3+ Kd8
60. Qh8+ Kd7 61. Qh7+ Kc8 62. Qe4 Kb8 63. Qg2 Ka7 64. Qg7 Qb7 65. Qd7 Qb6 66.
Qc8 Qc6 67. Qd8 Kb7 68. Qh4 Qf3 69. Qe4+ Qxe4 70. dxe4 Kc6 71. a4 Kd7 72. Kd2
Ke6 73. Ke2 Kf6 74. Kf3 Kg5 75. Kg3 Kh5 76. Kh3 Kg5 77. Kg3 c6 78. Kh3 Kh5 79.
Kg3 Kg5 80. Kh3 Kh5 81. Kg3 Kg5 1/2-1/2

[Event "34th Leon Blitz Open 2021"]
[Site "chess.com INT"]
[Date "2021.07.07"]
[Round "4"]
[White "Chitlange, Sakshi"]
[Black "Sliwicka, Alicja"]
[Result "0-1"]
[WhiteTitle "WIM"]
[BlackTitle "WIM"]
[WhiteElo "2167"]
[BlackElo "2308"]
[WhiteFideId "35002899"]
[BlackFideId "1150677"]
[EventDate "2021.07.07"]

1. d4 Nf6 2. c4 c5 3. d5 b5 4. Qc2 a6 5. e4 e6 6. Nf3 exd5 7. exd5 b4 8. Bd3 d6
9. O-O Be7 10. a3 bxa3 11. Rxa3 Bg4 12. Bf5 Bxf5 13. Qxf5 Qd7 14. Qc2 Qg4 15.
Re1 Ra7 16. Rae3 Kf8 17. Nc3 Qg6 18. Qe2 Ng8 19. Na4 Qf5 20. Nb6 g6 21. Bd2 h5
22. Bc3 Rh7 23. h3 h4 24. Nd2 Rb7 25. Ba5 Rh5 26. Ne4 Nd7 27. Nc8 Ne5 28. Nxe7
Kxe7 29. Nxc5 dxc5 30. Rxe5+ Qxe5 31. Qxe5+ Rxe5 32. Rxe5+ Kd6 33. Re2 Ne7 34.
Bc3 Nf5 35. Be5+ Kd7 36. Bf6 Rb4 37. Rc2 Nd6 38. Bxh4 Nxc4 39. b3 Ne5 40. Bg3
Nd3 41. Rc3 Rd4 42. f3 Rxd5 43. Bf2 Kd6 44. Bg3+ Kc6 45. Bf2 Kb5 46. Be3 Kb4 47.
Bd2 Kb5 48. Kf1 Nb4 49. Ke2 Nc6 50. Be3 Kb4 51. Bd2 Kb5 52. Be3 f5 53. Rc4 Na5
54. Rc3 Re5 55. Kd3 Rd5+ 56. Kc2 Kb4 57. Bd2 Kb5 58. Re3 Nc6 59. Bc3 Rd6 60. Re8
g5 61. Rg8 g4 62. hxg4 fxg4 63. Rxg4 Re6 64. Re4 Rg6 65. g4 Rh6 66. Re2 Rh3 67.
Rf2 Rg3 68. Bf6 Nb4+ 69. Kd2 Nd5 70. Be5 Rg1 71. g5 Rxg5 72. f4 Rf5 73. Kd3 Kb4
74. Rb2 Nxf4+ 75. Ke4 Rxe5+ 76. Kxf4 Rh5 77. Ke4 Rh3 78. Kd5 Rxb3 79. Ra2 a5 80.
Rc2 Rd3+ 81. Kc6 Rd8 82. Rb2+ Ka3 83. Rb5 c4 84. Rxa5+ Kb3 85. Rb5+ Kc2 86. Rh5
c3 87. Kc5 Kb1 88. Kb4 c2 0-1

[Event "34th Leon Blitz Open 2021"]
[Site "chess.com INT"]
[Date "2021.07.07"]
[Round "4"]
[White "Jimenez Martinez, Jose Vicente"]
[Black "Maly, Alexey"]
[Result "0-1"]
[WhiteTitle "FM"]
[BlackTitle "IM"]
[WhiteElo "2271"]
[BlackElo "2370"]
[WhiteFideId "2264021"]
[BlackFideId "14103184"]
[EventDate "2021.07.07"]

1. d4 Nf6 2. c4 e6 3. Nc3 Bb4 4. Qc2 Nc6 5. Nf3 d6 6. a3 Bxc3+ 7. Qxc3 O-O 8. g3
e5 9. dxe5 dxe5 10. Nxe5 Nxe5 11. Qxe5 Re8 12. Qc3 Ne4 13. Qf3 h5 14. h3 b6 15.
Bg2 Bb7 16. O-O g6 17. Be3 Nd6 18. Qf4 Bxg2 19. Kxg2 Re4 20. Qh6 Nf5 21. Rfd1
Nxh6 22. Rxd8+ Rxd8 23. Bxh6 Rxe2 24. b4 Rd4 25. c5 bxc5 26. bxc5 Rc4 27. Be3
Rxe3 28. fxe3 Rxc5 29. Kf3 Rc3 30. a4 a5 31. Rb1 Rc4 32. Rb7 Rxa4 33. Rxc7 Ra2
34. Ra7 a4 35. e4 a3 36. e5 Ra1 37. Kg2 Kf8 38. g4 h4 39. Kf2 a2 40. Kg2 Ke8 41.
Kh2 Kd8 42. Kg2 Kc8 43. g5 Kb8 44. Ra4 Kb7 45. Ra3 Kb6 46. Ra8 Kc5 47. Ra7 Kd5
48. Ra5+ Ke4 49. Kh2 Kf5 50. Kg2 Ke6 51. Kh2 Ke7 52. Kg2 Re1 53. Rxa2 Rxe5 54.
Ra7+ Kf8 55. Ra4 Rxg5+ 56. Kh2 Rh5 57. Kg2 Kg7 58. Kf3 f5 59. Ra7+ Kf6 60. Kf4
g5+ 61. Kf3 Rh8 62. Ra6+ Kg7 63. Ra5 Kg6 64. Ra6+ Kh5 65. Rf6 f4 66. Rf7 Re8 67.
Rh7+ Kg6 68. Rb7 Re3+ 69. Kg2 Rg3+ 70. Kh2 Kf5 71. Rb5+ Ke4 72. Rb4+ Ke5 73.
Rb5+ Kf6 74. Rb6+ Kg7 75. Rb7+ Kh6 76. Rb6+ Kh5 77. Rf6 Rd3 78. Kg2 Rd2+ 79. Kg1
Rd8 80. Kg2 Rg8 81. Kf3 Rg6 82. Rf8 Rc6 83. Rh8+ Kg6 84. Rg8+ Kf6 85. Kg4 Rc3
86. Rf8+ Kg7 87. Ra8 Rg3+ 88. Kf5 f3 89. Ra7+ Kf8 90. Ke6 f2 91. Rf7+ Kg8 92.
Rxf2 Rxh3 93. Kf6 Rg3 94. Kg6 h3 95. Ra2 Kf8 96. Kh5 g4 97. Kh4 Rg2 98. Ra1 h2
99. Rh1 g3 100. Rf1+ Kg7 101. Rb1 Rg1 102. Rb7+ Kf6 103. Rb6+ Ke5 104. Rb5+ Kd4
105. Rb4+ Kc3 106. Rg4 h1=Q+ 107. Kg5 Qd5+ 108. Kf4 Qd4+ 109. Kg5 Qxg4+ 110.
Kxg4 Rf1 111. Kxg3 Kd3 112. Kg2 Rf4 113. Kg3 0-1

[Event "34th Leon Blitz Open 2021"]
[Site "chess.com INT"]
[Date "2021.07.07"]
[Round "5"]
[White "Khanin, Semen"]
[Black "Lorente Serrano, Rosa Adela"]
[Result "1-0"]
[WhiteTitle "IM"]
[BlackTitle "WFM"]
[WhiteElo "2517"]
[BlackElo "2022"]
[WhiteFideId "4111990"]
[BlackFideId "32091982"]
[EventDate "2021.07.07"]

1. e4 c5 2. Nf3 Nc6 3. Bb5 Na5 4. O-O a6 5. Be2 g6 6. Re1 Bg7 7. c3 b5 8. d4
cxd4 9. cxd4 Bb7 10. Bd3 d6 11. Nc3 Nf6 12. e5 Nd5 13. e6 O-O 14. exf7+ Rxf7 15.
Ng5 Nf4 16. Nxf7 Kxf7 17. Bxf4 e5 18. dxe5 dxe5 19. Bxe5 Qd5 20. Nxd5 1-0

[Event "34th Leon Blitz Open 2021"]
[Site "chess.com INT"]
[Date "2021.07.07"]
[Round "5"]
[White "Kadam, Om Manish"]
[Black "Delgadillo, Adonay"]
[Result "1-0"]
[WhiteTitle "CM"]
[BlackTitle "FM"]
[WhiteElo "2114"]
[BlackElo "2236"]
[WhiteFideId "45076294"]
[BlackFideId "3301915"]
[EventDate "2021.07.07"]

1. e4 c5 2. Nf3 d6 3. d4 cxd4 4. Nxd4 Nf6 5. Nc3 g6 6. Be3 Bg7 7. f3 Nc6 8. Qd2
Bd7 9. O-O-O O-O 10. Bc4 Nxd4 11. Bxd4 a5 12. h4 Rc8 13. Be2 b5 14. Nxb5 a4 15.
h5 Rb8 16. Nc3 e5 17. Be3 Be6 18. hxg6 hxg6 19. Bh6 Nh5 20. Bxg7 Kxg7 21. Qxd6
Qg5+ 22. Qd2 Rfc8 23. Qxg5 1-0

[Event "34th Leon Blitz Open 2021"]
[Site "chess.com INT"]
[Date "2021.07.07"]
[Round "5"]
[White "Shreyans, K. Shah"]
[Black "Zuriel, Marisa"]
[Result "0-1"]
[WhiteTitle "CM"]
[BlackTitle "WIM"]
[WhiteElo "2237"]
[BlackElo "2203"]
[WhiteFideId "5029074"]
[BlackFideId "109142"]
[EventDate "2021.07.07"]

1. d4 Nf6 2. Nf3 c5 3. c3 g6 4. Bf4 Bg7 5. e3 O-O 6. Bc4 b6 7. Nbd2 Bb7 8. O-O
d6 9. Re1 Nbd7 10. Qb3 Qe8 11. e4 e5 12. dxe5 dxe5 13. Bg3 Nh5 14. a4 a6 15.
Rad1 h6 16. Nf1 Rb8 17. Ne3 Bxe4 18. Nd5 Bxd5 19. Bxd5 Nxg3 20. hxg3 Qe7 21. Re2
Kh7 22. Red2 e4 23. Ne1 f5 24. Be6 Ne5 25. Kf1 Qg5 26. Nc2 Qh5 27. Ne3 f4 28.
gxf4 Rxf4 29. Rd6 Rbf8 30. R6d2 Qh1+ 0-1

[Event "34th Leon Blitz Open 2021"]
[Site "chess.com INT"]
[Date "2021.07.07"]
[Round "5"]
[White "Smirnov, Alexandr A."]
[Black "Priasmoro, Novendra"]
[Result "0-1"]
[WhiteTitle "FM"]
[BlackTitle "GM"]
[WhiteElo "2136"]
[BlackElo "2502"]
[WhiteFideId "24104396"]
[BlackFideId "7105029"]
[EventDate "2021.07.07"]

1. e4 c5 2. Nf3 Nc6 3. d4 cxd4 4. Nxd4 g6 5. Nc3 Bg7 6. Be3 Nf6 7. Bc4 O-O 8.
Bb3 d6 9. f3 Bd7 10. Qd2 Nxd4 11. Bxd4 b5 12. a3 a5 13. O-O Rc8 14. Rad1 a4 15.
Ba2 Qc7 16. Rf2 Rfe8 17. Bxf6 Bxf6 18. Nd5 Qa7 19. Nxf6+ exf6 20. c3 Be6 21.
Bxe6 Rxe6 22. Qd4 Qb7 23. Rfd2 Rc5 24. Qf2 Qc6 25. Qg3 Rg5 26. Rxd6 Qc5+ 27. Qf2
Rxd6 0-1

[Event "34th Leon Blitz Open 2021"]
[Site "chess.com INT"]
[Date "2021.07.07"]
[Round "5"]
[White "Llorens Sepulveda, Marcelo"]
[Black "Bator, Robert"]
[Result "1-0"]
[WhiteTitle "FM"]
[BlackTitle "IM"]
[WhiteElo "2257"]
[BlackElo "2356"]
[WhiteFideId "3400999"]
[BlackFideId "1700405"]
[EventDate "2021.07.07"]

1. e4 e5 2. Nf3 Nc6 3. Bc4 Bc5 4. O-O Nf6 5. d4 Bxd4 6. Nxd4 Nxd4 7. f4 d6 8.
fxe5 dxe5 9. Bg5 Be6 10. Na3 Bxc4 11. Nxc4 Qe7 12. c3 Ne6 13. Bxf6 gxf6 14. Kh1
Rd8 15. Qf3 Nf4 16. Ne3 Rd3 17. Rad1 Rxd1 18. Rxd1 O-O 19. g3 Ng6 20. Nd5 Qe6
21. Nxf6+ Kg7 22. Rf1 c6 23. Qh5 1-0